000 00664nam a2200229Ia 4500
003 OSt
005 20220926034034.0
006 a|||||r|||| 00| 0
007 ta
008 220923b |||||||| |||| 00| 0 eng d
037 _cGeneral Book
040 _aRTL
_cRTL
_beng
041 _2eng
_aeng
082 _aX79F.73.N6, K8
100 _aWright Deil S
_9339943
245 0 _aFederal grants in aid
_bPerspectives and alternative
260 _aWashington
_bAmerican Enterprise Institute
_c1968
300 _a158p.
_ccm.
650 _aFederal Finance
942 _hX79F.73.N6, K8
_cGB
_2CC
999 _c658568
_d658568